Anciens noms de pays - Statistiques

Statistiques générales
  • Ce quiz a été pris 165 fois
  • Le résultat moyen est 9 sur 15
Statistiques - réponses
Hint Réponse % Correct
Zaïre RDC | République démocratique du Congo
94%
Swaziland Eswatini
83%
Siam Thaïlande
75%
Ceylan Sri Lanka
73%
Haute-Volta Burkina Faso
67%
Honduras britannique Belize
65%
Saint-Domingue Haïti
62%
Abyssinie Éthiopie
56%
Kampuchéa Cambodge
53%
Formose Taiwan
52%
Dahomey Bénin
50%
Gold Coast Ghana
50%
Annam Viet Nam
50%
Bechuanaland Botswana
36%
Basutoland Lesotho
31%
Aucun quiz correspondant
Distribution des résultats
% des personnes avec chaque résultat
Percentile par nombre de réponses
Votre historique - résultats
Vous n’avez pas pris ce quiz